Allí donde nos necesitas abrimos camino a la esperanza. Adviento y Navidad 2024-2025. (Record no. 904031)

000 -CABECERA
Campo de control de longitud fija 00764nam a22002057a 4500
001 - NÚMERO DE CONTROL
Campo de control 129911
003 - IDENTIFICADOR DEL NÚMERO DE CONTROL
Campo de control ES-SlBCS
005 - FECHA Y HORA DE LA ÚLTIMA TRANSACCIÓN
Campo de control 20260312091023.0
008 - CÓDIGOS DE INFORMACIÓN DE LONGITUD FIJA
Campo de control de longitud fija 260312b ||||| |||| 00| 0 spa d
017 ## - NÚMERO DE COPYRIGHT O DE DEPÓSITO LEGAL
Número de copyright o de depósito legal M 21125-2024
020 ## - NÚMERO INTERANCIONAL NORMALIZADO PARA LIBROS (ISBN)
Número Internacional Normalizado para Libros (ISBN) 978-84-8440-706-5
040 ## - FUENTE DE LA CATALOGACIÓN
Centro catalogador del origen ES-SlBCS
Lengua de catalogación spa
Centro modificador ES-SlBCS
100 1# - PUNTO DE ACCESO PRINCIPAL-NOMBRE DE PERSONA
Nombre de persona Pérez Garcìa, José Ignacio (coord.) - Moreno Losada, José - Acevedo Gòmez, Casto - Morquecho Gil, Juan Antonio
9 (RLIN) 429389
245 1# - MENCIÓN DE TÍTULO
Título Allí donde nos necesitas abrimos camino a la esperanza. Adviento y Navidad 2024-2025.
Resto del título Guiones litúrgicos Ciclo C
Mención de responsabilidad, etc. CARITAS
260 ## - PUBLICACIÓN, DISTRIBUCIÓN, ETC... (PIE DE IMPRENTA)
Lugar de publicación, distribución, etc. Madrid,
Nombre del editor, distribuidor, etc. CARITAS
Fecha de publicación, distribución, etc. 2024
300 ## - DESCRIPCIÓN FÍSICA
Extensión 175 p.,
Dimensiones 21 cm.
490 0# - MENCIÓN DE SERIE
Mención de serie Guiones litúrgicos Ciclo C
650 #0 - PUNTO DE ACCESO ADICIONAL DE MATERIA-TÉRMINO DE MATERIA
Término de materia o nombre geográfico como elemento inicial LITURGIA
Subdivisión de forma Guiones
Subdivisión de materia general Adviento y Navidad
9 (RLIN) 429374
942 ## - ENTRADA DE ELEMENTOS AGREGADOS (KOHA)
Fuente de clasificaión o esquema
Koha [por defecto] tipo de item Libros
Holdings
Suprimido Perdido Fuente de clasificación o esquema Estropeado No para préstamo Localización permanente Localización actual Fecha adquisición Préstamos totales Signatura completa Número de Registro / Código de Barras Fecha última consulta Fecha del precio de reemplazo Tipo de item de Koha
          San Esteban San Esteban 12/03/2026   264612 CAR all 129911 12/03/2026 12/03/2026 Libros

Bibliotecas Dominicos Provincia Hispania, 2016

Con tecnología Koha